000 00954nam a2200265Ia 4500
003 GCL
005 20240530103023.0
008 140319s9999 xx 000 0 ara d
040 _aGCL /
_cGCL
082 0 4 _a940.21
_bت ح
100 1 _aتومسون، جيمس وستفال
_eمؤلف
245 1 0 _aحضارة عصر النهضة /
_cمارتون، جورج
260 _aنيويورك :
_bمؤسسة فرنكلين للطباعة والنشر ،
_c1961
260 _aالقاهرة :
_bدار النهضة العربية ،
_c1961
300 _a190 ص:
_bايض ؛
_c20 سم
600 _2تومسون، جيمس وستفال
650 0 4 _aتاريخ
650 0 4 _aالحضارة الاوربية
650 0 4 _aاوربا
650 0 4 _aعصر النهضة (1300 - 1494)
700 1 _aمارتون، جورج
_eمؤلف
700 1 _aراولى، جورج
_eمؤلف
700 1 _aعبدالرحمن زكى
_eمترجة
942 _2ddc
_cBK
999 _c36210
_d36210